[Event "Warsaw Maciei Memorial"]
[Site "Warsaw"]
[Date "2023.07.10"]
[Round "4"]
[White "Kazmierowski, Tymon"]
[Black "Sliwicki, Damian"]
[Result "0-1"]
[WhiteElo "1993"]
[BlackElo "2103"]
[PlyCount "108"]
[EventDate "2023.07.10"]
[EventType "swiss (blitz)"]
[EventRounds "11"]
[EventCountry "POL"]
[SourceTitle "CBM 215 Extra"]
[Source "ChessBase"]
[SourceDate "2023.09.30"]
[SourceVersion "1"]
[SourceVersionDate "2023.09.30"]
[SourceQuality "1"]

1. e4 c5 2. Nf3 g6 3. c4 Nc6 4. d4 cxd4 5. Nxd4 Nf6 6. Nc3 Nxd4 7. Qxd4 d6 8. f3 Bg7 9. Be3 0-0 10. Qd2 a5 11. Be2 a4 12. 0-0 Qa5 13. Rfd1 Be6 14. Rac1 Rfc8 15. b3 axb3 16. axb3 Qb4 17. Nd5 Qxd2 18. Bxd2 Bxd5 19. cxd5 Nd7 20. Be3 Nc5 21. Bc4 h5 22. Rc2 Ra3 23. Rdc1 Nxb3 24. Bxb3 Rxc2 25. Bxc2 Rxe3 26. Rb1 Rc3 27. Ba4 Bd4+ 28. Kf1 Rc4 29. Bb5 Rc2 30. Be2 b6 31. f4 h4 32. h3 Kg7 33. Bf3 Be3 34. f5 gxf5 35. exf5 Kf6 36. Be4 Rf2+ 37. Ke1 Ke5 38. Bf3 Kxf5 39. Rb4 Bd2+ 40. Kxf2 Bxb4 41. Ke3 Ke5 42. Be4 Bc5+ 43. Kd3 e6 44. Bf3 exd5 45. Kc3 b5 46. Be2 b4+ 47. Kd3 d4 48. Kc4 Kf4 49. Bf3 Ke3 50. Kb3 d3 51. Kb2 Kd2 52. Bg4 Ke1 53. Bf3 d2 54. Kc2 b3+ 0-1